000 00956cab a2200277 4500
001 ABS53889
008 090401t1995 xxu||||| |||| 00| 0 eng d
035 _a(Sirsi) u7182
041 _aeng
100 _aShabha, G.
245 _aSubsidence and the associated problems with reference to low rise housing
260 _c1995
350 _a0
490 _aBuilding Engineer
_v70(9) November 1995, 10-17(8)
520 _aInvestigates the implications of subsidence for domestic buildings and addresses the concerns of what causes subsidence, the damage it can cause, preventative and remedial action, financial, insurance and legal issues. References.
650 _aCLAY SHRINKAGE
650 _aINSURANCE ISSUES
650 _aLOW-RISE HOUSING
650 _aMINING SUBSIDENCE
650 _aSUBSIDENCE
650 _aTREE ROOTS
690 _aBUILT ENVIRONMENT-BUILDING PATHOLOGY
700 _aKuhwald, K.
942 _n0
948 _c04/03/1997
999 _c4302
_d4302